00819nam a2200205 i 4500001000700000003000900007005001700016007000300033008004100036245018700077250001500264260003800279300002200317700003700339700003000376700003600406852003100442999001900473952012100492100370ES-MaACL20250924165202.0t|050926s1972 ag ||||1| spa d00aMarxismo, psicoanálisis y sexpol b: I. Documentos / cErich Fromm, Otto Fenichel, Siegfried Bernfeld; compilación de Hans Peter Gente; [traducción: Nélida I. M. de Machain]. a[1ª ed.]. aBuenos Aires : bGranica, c1972. a253 p. ; c20 cm.1 aFromm, Erich, d1900-19809527291 aGente, Hans-Peter.9563521 aMachain, Nélida M. de.975174 aES-MaACLjE-8929 bR.93267 c100370d100370 00104070aATENEOMbATENEOMcDEPO2d2008-01-17eSCl0oE-8929p1104800r2023-02-23 00:00:00w2023-02-23yMONOGRAFIA